000 00857nam a2200253 a 4500
001 66823
003 BD-RjUL
005 20211209081600.0
008 170320s2002 ii a b 001 0 eng
020 _a0195658434
035 _a(BD-RjUL)66954
040 _aDLC
_cDLC
_dBD-RjUL
_beng
041 _aeng
082 0 0 _a338.3727
_223
_bBHC 2002
100 1 _aBhattacharya, Hrishikes.
_9197853
245 1 0 _aCommercial exploitation of fisheries :
_bproduction, marketing, and finance strategies /
_cHrishikes Bhattacharya.
260 _aNew Delhi ;
_aNew York :
_bOxford University Press,
_c2002.
300 _axx, 327 p. :
_bill. ;
_c22 cm.
504 _aIncludes bibliographical references (p. [317]-318) and index.
520 _aWith partial reference to India.
650 0 _aFish trade.
_9197854
650 0 _aFish trade
_zIndia.
_9197855
942 _2ddc
_cBK
999 _c66823
_d66823